Iconic Album Covers: Grunge - Statistics

General Stats
  • This quiz has been taken 301 times
    99 since last reset
  • The average score is 13 of 24
Answer Stats
Picture Answer % Correct
In Utero
95%
Dirt
93%
Nevermind
93%
Jar of Flies
86%
Ten
86%
Bleach
82%
Facelift
76%
Superunknown
69%
Badmotorfinger
62%
Mellon Collie and the Infinite Sadness
62%
Siamese Dream
56%
Temple of the Dog
56%
Purple
54%
Vs.
52%
Foo Fighters
50%
Core
49%
Frogstomp
36%
Above
33%
Apple
31%
Blind Melon
30%
Live Through This
30%
Superfuzz Bigmuff
20%
Houdini
19%
Tiny Music
19%
No matching quizzes found
Score Distribution
Percent of People with Each Score
Percentile by Number Answered
Your Score History
You have not taken this quiz since the last reset